|
|
|
|
| LEADER |
00000nab a22000001a 4500 |
| 001 |
vtls010028314 |
| 003 |
SK-MaSNL |
| 005 |
20260303045658.0 |
| 008 |
091204d19311027xo |r|p|||| |000 b|slo |
| 015 |
|
|
|a SNBRRBVU1918-1938
|
| 038 |
|
|
|a SNKBUCL
|
| 038 |
|
|
|a SNKBUVU
|
| 040 |
|
|
|a SNKBUVU
|b slo
|c SNKBUCL
|e AACR2
|
| 041 |
0 |
|
|a slo
|
| 044 |
|
|
|a xo
|c SK
|
| 080 |
|
|
|a 75.071.1
|2 1997
|
| 080 |
|
|
|a 929 Uprka, Joža
|2 1997
|
| 245 |
0 |
0 |
|a Joža Úprka 70 ročný
|
| 300 |
|
|
|b Obr.
|
| 600 |
1 |
7 |
|a Uprka, Joža,
|d 1861-1940
|2 MM
|9 131460
|
| 650 |
0 |
7 |
|a českí maliari
|2 snkbucl
|9 427126
|
| 655 |
|
7 |
|a biografické poznámky
|2 MM
|9 409835
|
| 773 |
0 |
|
|t Slovenský východ
|g Roč. 13, č. 247 (27.10.1931), s. 1
|
| 852 |
|
|
|a SNK
|b KIS3GCP
|
| 910 |
|
|
|a snkrbvumm
|
| 958 |
|
|
|a BC
|
| 958 |
|
|
|a CZ
|
| 999 |
|
|
|c 1704621
|d 1706551
|